Analýza obchodu a priemyslu v krajinách Juhovýchodnej Ázie diplomová práca

Enregistré dans:
Détails bibliographiques
Auteur principal: Nagyová, Tatiana
Collectivité auteur: Obchodná fakulta EU. Katedra tovaroznalectva a kvality tovaru
Autres auteurs: Jurkovičová, Lujza
Format: Livre
Langue:slovaque
Publié: Bratislava 2011
Tags: Ajouter un tag
Pas de tags, Soyez le premier à ajouter un tag!

MARC

LEADER 00000nbm a2200000 4500
001 0131861
005 20161109101738.0
041 0 |a slo 
044 |a SK 
245 1 0 |a Analýza obchodu a priemyslu v krajinách Juhovýchodnej Ázie  |b diplomová práca  |c Tatiana Nagyová ; školiteľ: Lujza Jurkovičová 
264 1 |a Bratislava  |c 2011 
300 |a 67 s. 
100 1 |a Nagyová, Tatiana 
700 1 |a Jurkovičová, Lujza 
710 2 |a Obchodná fakulta EU. Katedra tovaroznalectva a kvality tovaru